000 00691 a2200205 4500
999 _c9380
_d9380
020 _a9781485106661 (pbk.)
050 0 0 _aKF 2076 KLE 2014
100 1 _aKlees, Andreas,
_eauthor.
245 1 0 _aElectricity law in South Africa /
_cAndreas Klees.
264 1 _aCape Town :
_bJuta,
_c2014.
300 _axv, 384 pages :
_billustrations (some color) ;
500 _aIncludes index
504 _aIncludes bibliographical references (pages 347-371) and index.
650 0 _aElectric utilities
_xLaw and legislation
650 0 _aEnergy policy
650 0 _aIndependent power producers
650 0 _aElectric utilities
_xDeregulation
650 0 _aCompetition
942 _2lcc
_cBK
_h2076
_iKLE
_kKF